[Event "Ch Czechoslovakia (team) 1990/91"]
[Site "masterchessopen.com Czechoslovakia"]
[Round "2"]
[White "Certek Pavel (SVK)"]
[Black "Szymczak Zbigniew (POL)"]
[Result "0-1"]
[WhiteElo "2322"]
[BlackElo "2345"]

1.d4 d5 2.c4 dxc4 3.Nf3 a6 4.e3 Nf6 5.Bxc4 e6 6.O-O c5 7.Qe2 b5 8.Bb3 Bb7
9.Rd1 Nbd7 10.Nc3 Qb6 11.d5 Nxd5 12.Nxd5 exd5 13.Bxd5 Bxd5 14.Rxd5 Be7 15.e4
Rd8 16.Bg5 Bxg5 17.Nxg5 O-O 18.e5 Nb8 19.Qd3 g6 20.Rd1 Rxd5 21.Qxd5 Qc6 22.f4
c4 23.a3 a5 24.Ne4 b4 25.axb4 axb4 26.Nf6+ Kg7 27.Qd4 Qe6 28.Qc5 Rc8 29.Qxb4
Qf5 30.Qd2 Nc6 31.Qd7 Rd8 32.Qxd8 Nxd8 33.Rxd8 Qxf4 34.Rg8+ Kh6 35.h3 Qd4+
36.Kh1 Qxb2 {#R} 0-1

[Event "It (open)"]
[Site "masterchessopen.com Katowice (Poland)"]
[Round "0"]
[White "Sagalchik Gennadij (USA)"]
[Black "Ibragimov Ildar (USA)"]
[Result "0-1"]
[WhiteElo "2360"]
[BlackElo "2539"]

1.d4 d5 2.c4 dxc4 3.Nf3 Nf6 4.e3 e6 5.Bxc4 c5 6.O-O a6 7.Qe2 b5 8.Bb3 Bb7
9.Rd1 Nbd7 10.Nc3 Qb8 11.d5 c4 12.dxe6 fxe6 13.Bc2 Bd6 14.e4 O-O 15.a4 Ne5
16.Nxe5 Bxe5 17.axb5 axb5 18.Rxa8 Bxa8 19.h3 Bc6 20.Qe3 Qb7 21.f3 Bb8 22.Qg5
Qc7 23.Be3 b4 24.Ne2 Bxe4 25.Bxe4 Nxe4 26.Qg4 Nf6 27.Qxe6+ Kh8 28.Bf4 Qc5+
29.Kh1 Re8 30.Qf7 Rf8 31.Qe6 c3 32.bxc3 bxc3 33.Qb3 Bxf4 34.Nxf4 Qe3 35.Nd3
Rc8 36.Qb7 Rd8 {#R} 0-1

[Event "It"]
[Site "masterchessopen.com Mar del Plata (Argentina)"]
[Round "8"]
[White "Tempone Marcelo (ARG)"]
[Black "Toth Christian Endre (BRA)"]
[Result "1-0"]
[WhiteElo "2411"]
[BlackElo "2371"]

1.d4 d5 2.c4 dxc4 3.e3 Nf6 4.Bxc4 e6 5.Nf3 c5 6.O-O a6 7.Qe2 b5 8.Bb3 Bb7
9.Nc3 Nbd7 10.Rd1 Qb6 11.d5 Nxd5 12.Bxd5 Bxd5 13.Nxd5 exd5 14.Rxd5 Be7 15.e4
Rd8 16.Be3 O-O 17.b4 Qe6 18.Rad1 cxb4 19.Nd4 Qxe4 20.Nc6 Nf6 21.f3 Qe6 22.Nxd8
Qc8 23.Rc1 Qa8 24.Nc6 Nxd5 25.Qd3 Rd8 26.Nxd8 Nxe3 27.Nc6 {#r} 1-0

[Event "Ch Moscow"]
[Site "masterchessopen.com Moscow (Russia)"]
[Round "0"]
[White "Gavrilov Alexei (RUS)"]
[Black "Donchenko Anatoly G (GER)"]
[Result "0-1"]
[WhiteElo "2509"]
[BlackElo "2385"]

1.d4 d5 2.c4 dxc4 3.e3 Nf6 4.Bxc4 e6 5.Nf3 c5 6.O-O a6 7.Qe2 b5 8.Bb3 Bb7
9.Rd1 Nbd7 10.Nc3 Qb8 11.d5 Nxd5 12.Bxd5 Bxd5 13.Nxd5 exd5 14.Rxd5 Qb7 15.e4
Be7 16.Bg5 Nb6 17.Re1 f6 18.Bf4 O-O 19.Rdd1 Rad8 20.e5 Qc6 21.e6 Rxd1 22.Rxd1
Re8 23.Re1 Nd5 24.Bg3 Bf8 25.h4 Ne7 26.b3 Nf5 27.Bf4 Qd5 28.h5 c4 29.bxc4 bxc4
30.g4 Nd6 31.Nh4 Nb5 32.Nf5 Bb4 33.Rc1 Nc3 34.Qb2 Qf3 35.Qxb4 Ne2+ 36.Kf1 Nxf4
37.Qxc4 Qh1# 0-1

[Event "It (open)"]
[Site "masterchessopen.com Sumperk (Czech Republic)"]
[Round "1"]
[White "Valek Milan (CZE)"]
[Black "Kuporosov Viktor (RUS)"]
[Result "0-1"]
[WhiteElo "2087"]
[BlackElo "2413"]

1.d4 d5 2.c4 dxc4 3.Nf3 Nf6 4.e3 e6 5.Bxc4 a6 6.O-O c5 7.Qe2 b5 8.Bb3 Bb7
9.Rd1 Nbd7 10.a4 Be7 11.axb5 axb5 12.Rxa8 Qxa8 13.dxc5 O-O 14.Nbd2 Nxc5 15.Bc2
b4 16.b3 Rc8 17.Nc4 Ba6 18.Bb2 Bxc4 19.bxc4 b3 20.Bb1 Na4 21.Bxf6 Bxf6 22.Qd3
g6 23.Qxb3 Nc3 24.Re1 Rb8 25.Qc2 Qa3 26.Nd2 Rb2 27.Qc1 Rxb1 {#R} 0-1

[Event "Tournament \"]
[Site "masterchessopen.com Vladivostok (Russia)"]
[Round "0"]
[White "Epstein Esther (USA)"]
[Black "Labunskiy Dmitry (RUS)"]
[Result "0-1"]
[WhiteElo "2195"]
[BlackElo "2437"]

1.d4 d5 2.c4 dxc4 3.Nf3 a6 4.e3 Nf6 5.Bxc4 e6 6.O-O c5 7.Qe2 b5 8.Bb3 Bb7
9.Rd1 Nbd7 10.Nc3 Qc7 11.Bc2 Bd6 12.e4 cxd4 13.Rxd4 Bc5 14.Rd1 Rc8 15.a3 Ng4
16.Rf1 O-O 17.h3 Nge5 18.Nxe5 Nxe5 19.Rd1 Nc4 20.Kh1 Qb6 21.Rf1 Bd4 22.Nd1
Rfd8 23.Rb1 Qc6 24.Nc3 Nxb2 25.Rxb2 Qxc3 26.f4 f5 27.Bb1 Qc4 28.Bd3 Qxc1
29.Rxc1 Rxc1+ 30.Kh2 Bg1+ 31.Kg3 Rc3 32.exf5 Rcxd3+ 33.Kh4 exf5 34.Rc2 Be4
35.g4 Re3 36.Qf1 Bxc2 37.Qxg1 Rdd3 38.Kg5 h6+ 39.Kg6 Rd6+ {#R} 0-1

[Event "Spartakiada URS (w)"]
[Site "masterchessopen.com Azov (Russia)"]
[Round "2"]
[White "Strutinskaya Galina N (RUS)"]
[Black "Mamedova Rena (GER)"]
[Result "1-0"]
[WhiteElo "2277"]
[BlackElo "2353"]

1.d4 d5 2.c4 dxc4 3.Nf3 Nf6 4.e3 e6 5.Bxc4 c5 6.O-O a6 7.Qe2 b5 8.Bb3 Nbd7
9.Rd1 Bb7 10.Nc3 Bd6 11.e4 cxd4 12.Nxd4 Qb8 13.h3 b4 14.Na4 Nxe4 15.Bc2 Ndf6
16.Nb6 Ra7 17.Ba4+ Ke7 18.Be3 Rd8 19.Nb3 Kf8 20.Nc4 Bh2+ 21.Kh1 Rxd1+ 22.Rxd1
Ra8 23.Nb6 Bc7 24.Nxa8 Qxa8 25.Qc4 Bd6 26.Rc1 Nc3 27.bxc3 Bxg2+ 28.Kg1 Bh1
29.Kf1 Qg2+ 30.Ke1 Ne4 31.Bc6 {#r} 1-0

[Event "It"]
[Site "masterchessopen.com Bayamo (Cuba)"]
[Round "0"]
[White "Antunes Antonio (POR)"]
[Black "Borges Mateos Juan (CUB)"]
[Result "1-0"]
[WhiteElo "2496"]
[BlackElo "2483"]

1.Nf3 d5 2.d4 Nf6 3.c4 dxc4 4.e3 e6 5.Bxc4 c5 6.O-O a6 7.Qe2 b5 8.Bb3 Bb7
9.Rd1 Nbd7 10.Nc3 Qb6 11.e4 cxd4 12.Nxd4 Bc5 13.Be3 Bxe4 14.Nxe4 Nxe4 15.a4
bxa4 16.Bxa4 Ra7 17.Qg4 Nd6 18.Qxg7 Rf8 19.b4 {#r} 1-0

[Event "It (open)"]
[Site "masterchessopen.com Benidorm (Spain)"]
[Round "0"]
[White "Gil Capape Javier (AUS)"]
[Black "Sadler Matthew (ENG)"]
[Result "1-0"]
[WhiteElo "2444"]
[BlackElo "2440"]

1.d4 d5 2.Nf3 e6 3.c4 dxc4 4.e3 Nf6 5.Bxc4 a6 6.O-O c5 7.Qe2 b5 8.Bb3 Bb7
9.Rd1 Nbd7 10.Nc3 Qb8 11.d5 e5 12.e4 Bd6 13.Nh4 O-O 14.Nf5 g6 15.Nh6+ Kg7
16.Qf3 c4 17.Bc2 Bc8 18.Ne2 b4 19.Ng3 Nc5 20.Bg5 Ne8 21.Ng4 Bxg4 22.Qxg4 b3
23.axb3 cxb3 24.Bd3 Kh8 25.h4 Qb7 26.h5 Be7 27.Be3 Nf6 28.Qf3 Nfd7 29.Bh6 Qb6
30.Bxf8 Rxf8 31.Qe2 a5 32.Bb5 Nf6 33.Bc6 Rb8 34.d6 Bf8 35.Qf3 Qd8 36.Rac1 Ne6
37.hxg6 fxg6 38.d7 Bc5 39.Ba4 Nd4 40.Rxd4 Bxd4 41.Rc8 {#r} 1-0

[Event "It \"]
[Site "masterchessopen.com Budapest (Hungary)"]
[Round "0"]
[White "Moskalenko Viktor (UKR)"]
[Black "Werner Dimo (GER)"]
[Result "0-1"]
[WhiteElo "2558"]
[BlackElo "2190"]

1.d4 d5 2.c4 dxc4 3.Nf3 a6 4.e3 Nf6 5.Bxc4 e6 6.O-O c5 7.Qe2 b5 8.Bb3 Bb7
9.Rd1 Nbd7 10.Nc3 Qb6 11.d5 Nxd5 12.Nxd5 Bxd5 13.Bxd5 exd5 14.Rxd5 Be7 15.e4
Qc6 16.b4 Nb6 17.Bg5 f6 18.Be3 Qe6 19.Rdd1 Na4 20.Rac1 c4 21.Nd4 Qxe4 22.Qh5+
g6 23.Qh3 Nb2 24.Re1 Nd3 25.f3 Qd5 26.Ne6 Kf7 27.Nc7 Qf5 28.g4 Qc8 29.Nd5 Bd8
30.Nf4 Nxe1 31.Rxe1 Bc7 32.Nd5 Qd7 33.Nxc7 Qxc7 34.Bc5 Rae8 35.Rxe8 Kxe8 36.g5
f5 37.Qf1 Qe5 38.Qd1 f4 39.Bd4 Qxg5+ 40.Kh1 Rf8 41.Bc5 Qe5 42.Bd6 Qe6 43.Bxf8
Kxf8 44.Qd8+ Kg7 45.Qd4+ Qf6 46.Qd7+ Qf7 47.Qd4+ Kh6 48.Kg2 Qc7 {#R} 0-1

[Event "It \"]
[Site "masterchessopen.com Budapest (Hungary)"]
[Round "11"]
[White "Hutters Tomas (DEN)"]
[Black "Lazarev Vladimir (FRA)"]
[Result "0-1"]
[WhiteElo "2426"]
[BlackElo "2431"]

1.d4 d5 2.c4 dxc4 3.Nf3 a6 4.e3 e6 5.Bxc4 c5 6.O-O Nf6 7.Qe2 b5 8.Bb3 Bb7
9.Rd1 Nbd7 10.Nc3 Bd6 11.d5 exd5 12.Bxd5 Nxd5 13.Nxd5 O-O 14.e4 Qe8 15.Bf4
Bxf4 16.Nxf4 Nb6 17.Re1 Qe7 18.b3 Rad8 19.Rac1 Rfe8 20.Qb2 c4 21.Nh5 f6 22.Ng3
Rd3 23.bxc4 Nxc4 24.Qb1 Qd7 25.a4 Re6 26.axb5 axb5 27.Qb4 g6 28.Ra1 Ra6
29.Rxa6 Bxa6 30.e5 Nxe5 31.Nxe5 fxe5 32.h3 Rd4 33.Qc5 Rd5 34.Qb6 Qd6 35.Qa7
Qc6 36.Ne4 Bb7 37.Nf6+ Qxf6 38.Qxb7 Qf7 39.Qb8+ Kg7 40.Rxe5 Rd1+ {#R} 0-1

[Event "Bundesliga 1990/91 (2nd)"]
[Site "masterchessopen.com Germany"]
[Round "0"]
[White "Apsner Burkhard (GER)"]
[Black "Raupp Thomas (GER)"]
[Result "0-1"]
[WhiteElo "2272"]
[BlackElo "2354"]

1.Nf3 d5 2.d4 Nf6 3.c4 dxc4 4.e3 e6 5.Bxc4 c5 6.O-O a6 7.Qe2 b5 8.Bb3 Bb7
9.Rd1 Nbd7 10.Nc3 Qb8 11.e4 cxd4 12.Nxd4 Bd6 13.Nxe6 Bxh2+ 14.Kh1 fxe6 15.Bxe6
Nc5 16.Nd5 Nfxe4 17.Qh5+ g6 18.Qh4 Qd8 19.Qxh2 Nxe6 20.Qe5 Qh4+ 21.Kg1 Qxf2+
22.Kh2 Qh4+ 23.Kg1 Bxd5 24.Qxd5 Qf2+ 25.Kh2 Qg3+ 26.Kg1 Qf2+ 27.Kh2 Qh4+
28.Kg1 O-O 29.Qxe6+ Rf7 30.Qxe4 Qxe4 {#R} 0-1

[Event "Bundesliga 1990/91 (2nd)"]
[Site "masterchessopen.com Germany"]
[Round "0"]
[White "Hermesmann Hans (GER)"]
[Black "Krallmann Matthias (GER)"]
[Result "1-0"]
[WhiteElo "2298"]
[BlackElo "2252"]

1.d4 d5 2.c4 dxc4 3.e3 Nf6 4.Bxc4 e6 5.Nf3 c5 6.O-O a6 7.Qe2 b5 8.Bb3 Bb7
9.Rd1 Nbd7 10.a4 b4 11.Nbd2 Qc7 12.Nc4 Bd5 13.Bd2 Rc8 14.Rac1 Qb8 15.Nfe5 cxd4
16.exd4 Be7 17.Bg5 Rd8 18.Na5 Bxb3 19.Nxb3 Nxe5 20.dxe5 Rxd1+ 21.Rxd1 Nd5
22.Bxe7 Kxe7 23.Nd4 Qb7 24.Qg4 g6 25.Qh4+ Kf8 26.Qh6+ Ke7 27.h4 Rc8 28.h5 Rc4
29.Qg5+ Ke8 30.hxg6 hxg6 31.Rd3 Qb6 32.a5 Qc7 33.Kh2 Rc1 34.Nb3 Rc4 35.Rh3 Ne7
36.Qf6 Re4 37.f4 {#r} 1-0

[Event "Landesliga"]
[Site "masterchessopen.com Germany"]
[Round "3"]
[White "Alber Horst (GER)"]
[Black "Krallmann Matthias (GER)"]
[Result "1-0"]
[WhiteElo "2340"]
[BlackElo "2252"]

1.d4 d5 2.c4 dxc4 3.e3 Nf6 4.Bxc4 e6 5.Nf3 c5 6.O-O a6 7.Qe2 b5 8.Bb3 Bb7 9.a4
Nbd7 10.axb5 axb5 11.Rxa8 Qxa8 12.Nc3 Be7 13.Nxb5 O-O 14.dxc5 Bxc5 15.Bc4 g5
16.h3 h5 17.b3 g4 18.hxg4 hxg4 19.Nh4 Kg7 20.Bb2 Rg8 21.Qxg4+ Kf8 22.Qh3 Ng4
23.Nc7 Qd8 24.Nxe6+ fxe6 25.Bxe6 Nde5 26.Bxe5 {#r} 1-0

[Event "It (open)"]
[Site "masterchessopen.com Hamburg (Germany)"]
[Round "4"]
[White "Fraas Henning (GER)"]
[Black "Putzbach Gerd (GER)"]
[Result "0-1"]
[WhiteElo "2096"]
[BlackElo "2234"]

1.d4 d5 2.c4 dxc4 3.Nf3 Nf6 4.e3 e6 5.Bxc4 c5 6.O-O a6 7.Qe2 b5 8.Bb3 Bb7
9.Bc2 Qb6 10.b3 cxd4 11.Nxd4 Nc6 12.Bb2 Nb4 13.Na3 Nxc2 14.Naxc2 Be7 15.f3 O-O
16.Kh1 g6 17.b4 Nd5 18.Qe1 e5 19.Nb3 Rac8 20.Rf2 f6 21.a3 Rc7 22.e4 Nf4 23.Rd2
Nd3 24.Rxd3 Rxc2 25.Rd2 Rxd2 26.Qxd2 Rd8 27.Qe2 Bc8 28.Bc1 Qd6 29.Be3 Qd3
30.Qxd3 Rxd3 31.Bc5 Bd8 32.Nc1 Rd1+ 33.Bg1 Be6 34.Nb3 Bxb3 {#R} 0-1

[Event "Tournament"]
[Site "masterchessopen.com Helsingborg (Sweden)"]
[Round "0"]
[White "Eriksson Anders (SWE)"]
[Black "Nordstrom Felix (SWE)"]
[Result "0-1"]
[WhiteElo "2295"]
[BlackElo "2181"]

1.d4 d5 2.c4 dxc4 3.Nf3 Nf6 4.e3 e6 5.Bxc4 c5 6.O-O a6 7.Qe2 b5 8.Bb3 Bb7
9.Rd1 Nbd7 10.Nc3 Bd6 11.e4 cxd4 12.Nxd4 Qb8 13.Nf3 O-O 14.Bc2 Rd8 15.Bg5 Bf4
16.Bh4 Ne5 17.Rxd8+ Qxd8 18.Rd1 Qc7 19.Bxf6 gxf6 20.g3 Nxf3+ 21.Qxf3 Be5
22.Qd3 Rc8 23.Bb3 Bxc3 24.bxc3 Qxc3 25.Qxc3 Rxc3 26.Bxe6 fxe6 27.Rd8+ Kf7
28.Rd7+ Kg6 29.Rxb7 Ra3 30.Rb6 Rxa2 31.Rxe6 b4 32.e5 b3 33.Rxf6+ Kg7 34.Rb6 b2
35.Kg2 a5 36.Kf3 a4 37.Ke4 a3 38.Kf5 Ra1 39.Rb7+ Kf8 40.Rb8+ Ke7 {#R} 0-1

[Event "It (open) \"]
[Site "masterchessopen.com Moscow (Russia)"]
[Round "0"]
[White "Zvjaginsev Vadim (RUS)"]
[Black "Ivanov Vitaly (RUS)"]
[Result "1-0"]
[WhiteElo "2666"]
[BlackElo "2296"]

1.d4 d5 2.c4 dxc4 3.Nf3 Nf6 4.e3 e6 5.Bxc4 c5 6.O-O a6 7.Qe2 b5 8.Bb3 Bb7
9.Nc3 Nbd7 10.Rd1 Qb6 11.d5 Nxd5 12.Nxd5 Bxd5 13.Bxd5 exd5 14.Rxd5 Be7 15.e4
Rd8 16.Be3 Qb7 17.Rad1 O-O 18.Qd2 Qa8 19.Bg5 Nf6 20.Bxf6 Bxf6 21.b3 Qc8 22.Qc2
Qe6 23.a4 Be7 24.axb5 axb5 25.Qd3 f6 26.Qxb5 Qxe4 27.Rxd8 Bxd8 28.Qxc5 Be7
29.Qb5 Rd8 30.Rxd8+ Bxd8 31.Kf1 Kf7 32.Nd2 Qe6 33.Qc4 Be7 34.h3 h5 35.Qxe6+
Kxe6 36.Ke2 f5 37.Kd3 g5 38.Nf3 Kd5 39.Nd4 Bc5 40.Nxf5 Bxf2 41.Ng7 g4 42.Nxh5
gxh3 43.Nf4+ Ke5 44.Nxh3 {#r} 1-0

[Event "It (open)"]
[Site "masterchessopen.com San Fernando (Argentina)"]
[Round "39"]
[White "Sonntag Hans-Hubert (GER)"]
[Black "Garcia Palermo Carlos (ITA)"]
[Result "1-0"]
[WhiteElo "2385"]
[BlackElo "2488"]

1.d4 d5 2.c4 dxc4 3.Nf3 a6 4.e3 e6 5.Bxc4 c5 6.O-O Nf6 7.Qe2 b5 8.Bb3 Bb7
9.Rd1 Nbd7 10.Nc3 Qb6 11.d5 e5 12.Bc2 Bd6 13.b3 O-O 14.e4 Rfc8 15.Nd2 Qc7
16.Bb2 c4 17.bxc4 bxc4 18.Rab1 Rab8 19.Ba1 Nb6 20.Kh1 Nfd7 21.Nf1 Qc5 22.Ng3
g6 23.Qd2 Rc7 24.Nce2 Qa3 25.Bc3 Na4 26.Bxa4 Qxa4 27.f4 Re8 28.f5 Bc8 29.Rf1
Qa3 30.Rf3 Qc5 31.Rbf1 Bf8 32.a3 Qd6 33.Bb4 Nc5 34.fxg6 fxg6 35.Rf6 Qd8 36.d6
{#r} 1-0

[Event "Ch Brazil"]
[Site "masterchessopen.com Sao Paulo (Brazil)"]
[Round "0"]
[White "Toth Christian Endre (BRA)"]
[Black "Disconzi Da Silva Rodrigo (BRA)"]
[Result "1-0"]
[WhiteElo "2371"]
[BlackElo "2368"]

1.d4 d5 2.c4 e6 3.Nf3 dxc4 4.e3 c5 5.Bxc4 a6 6.O-O Nf6 7.Qe2 b5 8.Bb3 Bb7
9.Rd1 Nbd7 10.Nc3 Bd6 11.e4 cxd4 12.Nxd4 Qb8 13.e5 Bxe5 14.Bxe6 Bxh2+ 15.Kh1
O-O 16.Bxd7 Nxd7 17.Nf3 Re8 18.Be3 Bd6 19.Nd4 Nf6 20.Nf5 Be5 21.Rac1 Qc8
22.Qd3 Qe6 23.Kg1 b4 24.Na4 Be4 25.Nd4 Qg4 26.f3 Bh2+ 27.Kh1 Qh5 28.fxe4 Bg3+
29.Kg1 Qh2+ 30.Kf1 Ng4 31.Bg1 Qh1 32.Qxg3 Rxe4 33.Rd3 Rae8 34.Nf3 Ne3+ 35.Rxe3
Rxe3 36.Qf2 R3e6 37.Qh4 Qxh4 38.Nxh4 g5 39.Nf5 h5 40.Bd4 Kh7 41.Ng7 {#r} 1-0

[Event "Bundesliga 1991/92"]
[Site "masterchessopen.com Germany"]
[Round "0"]
[White "Jackelen Thomas (GER)"]
[Black "Watson William N (ENG)"]
[Result "1-0"]
[WhiteElo "2415"]
[BlackElo "2535"]

1.Nf3 d5 2.d4 c5 3.c4 dxc4 4.e3 Nf6 5.Bxc4 e6 6.O-O a6 7.Qe2 b5 8.Bb3 Bb7
9.Rd1 Nbd7 10.Nc3 Qb6 11.d5 Nxd5 12.Bxd5 Bxd5 13.Nxd5 exd5 14.Rxd5 Be7 15.e4
Qb7 16.Bg5 Nb6 17.Rad1 f6 18.Bf4 O-O 19.R5d2 Rfe8 20.e5 c4 21.Bg3 Bc5 22.h3
Rac8 23.e6 Rc6 24.Qe4 Rexe6 25.Rd8+ Bf8 26.Bd6 Rexd6 27.R1xd6 {#r} 1-0

[Event "Ch Great Britain"]
[Site "masterchessopen.com Great Britain"]
[Round "0"]
[White "Tozer Richard (ENG)"]
[Black "Shaw John (SCO)"]
[Result "0-1"]
[WhiteElo "2340"]
[BlackElo "2424"]

1.d4 d5 2.Nf3 Nf6 3.c4 dxc4 4.e3 e6 5.Bxc4 c5 6.O-O a6 7.Qe2 b5 8.Bb3 Bb7
9.Rd1 Nbd7 10.Nc3 Qb8 11.d5 c4 12.dxe6 fxe6 13.Bc2 Bd6 14.e4 O-O 15.a4 Ne5
16.Nxe5 Bxe5 17.axb5 axb5 18.Rxa8 Bxa8 19.h3 Bc6 20.Qe3 Qb7 21.f3 Bb8 22.Qg5
Qc7 23.f4 Qb6+ 24.Kh2 Qf2 25.e5 Qxc2 26.exf6 Rxf6 27.Rd8+ Kf7 28.Bd2 Rg6
29.Rf8+ Kxf8 30.Qc5+ Kg8 31.Qxc6 h6 32.Qe8+ Kh7 33.Qxb8 Qxd2 34.Qxb5 {#R} 0-1

[Event "It (open)"]
[Site "masterchessopen.com Helsinki (Finland)"]
[Round "0"]
[White "Lelchuk Zoja (GER)"]
[Black "Baburin Alexander (IRL)"]
[Result "0-1"]
[WhiteElo "2325"]
[BlackElo "2535"]

1.d4 d5 2.c4 dxc4 3.Nf3 a6 4.e3 e6 5.Bxc4 c5 6.O-O Nf6 7.Qe2 b5 8.Bb3 Bb7
9.Rd1 Nbd7 10.a4 Qb8 11.Nbd2 Bd6 12.Nf1 O-O 13.Bd2 c4 14.Bc2 Be4 15.Ba5 Rc8
16.b4 Qb7 17.Ng3 Bxc2 18.Qxc2 Bxg3 19.hxg3 Ne4 20.Ne5 f5 21.g4 Ndf6 22.gxf5
exf5 23.axb5 axb5 24.f3 Nd6 25.d5 Qe7 26.f4 Nfe4 27.Bb6 Rxa1 28.Rxa1 Qb7
29.Bd4 Ra8 30.Nc6 Rxa1+ 31.Bxa1 Qa8 32.Bd4 Qa4 33.Qb1 c3 34.Ne7+ Kf8 35.Nxf5
c2 36.Bxg7+ Kg8 37.Ne7+ Kxg7 38.Qb2+ Kf7 39.Nc6 Nc4 40.Ne5+ Kg8 41.Nxc4 bxc4
42.Kh2 c3 {#R} 0-1

[Event "Ch Hungary (team)"]
[Site "masterchessopen.com Hungary"]
[Round "0"]
[White "Bali Janos (HUN)"]
[Black "Somlai Laszlo (HUN)"]
[Result "0-1"]
[WhiteElo "2292"]
[BlackElo "2347"]

1.d4 d5 2.c4 dxc4 3.e3 Nf6 4.Bxc4 e6 5.Nf3 c5 6.O-O a6 7.Qe2 b5 8.Bb3 Bb7
9.Nc3 Nbd7 10.Rd1 Qb6 11.d5 e5 12.e4 c4 13.Be3 Qc7 14.Bc2 Bd6 15.h3 O-O
16.Rac1 Rfc8 17.Nh2 Qd8 18.Qf3 Qe7 19.Ne2 Ne8 20.Ng3 g6 21.Ng4 f6 22.Nh6+ Kh8
23.h4 Bc5 24.Bxc5 Rxc5 25.h5 Nd6 26.hxg6 hxg6 27.Qg4 Nf8 28.Qh4 Kg7 29.Ng4 Bc8
30.Qh6+ Kg8 31.Qe3 Rc7 32.Nh2 Kg7 33.f4 exf4 34.Qxf4 Qe5 35.Qxe5 fxe5 36.Nf3
Bg4 37.Nxe5 Bxd1 38.Rxd1 Re8 39.Nf3 Nd7 40.Re1 c3 41.b3 Ne5 42.Kf2 b4 43.Nxe5
Rxe5 44.Ke3 Re8 45.Kd3 Kf6 46.Nf1 Rce7 47.Ne3 Ke5 48.Rh1 Kf4 49.Rh6 Kg5 50.Nf5
Nxf5 {#R} 0-1

[Event "It (open)"]
[Site "masterchessopen.com Karvina (Czech Republic)"]
[Round "5"]
[White "Burmakin Vladimir (RUS)"]
[Black "Borulya Ekaterina (GER)"]
[Result "0-1"]
[WhiteElo "2588"]
[BlackElo "2308"]

1.d4 d5 2.c4 dxc4 3.Nf3 a6 4.e3 Nf6 5.Bxc4 e6 6.O-O c5 7.Qe2 b5 8.Bb3 Bb7
9.Rd1 Nbd7 10.Nc3 Qb6 11.e4 cxd4 12.Nxd4 Bc5 13.Be3 O-O 14.a4 b4 15.a5 Qc7
16.Na4 Ba7 17.Rac1 Qxa5 18.Nxe6 fxe6 19.Bxe6+ Kh8 20.Bxd7 Nxd7 21.Rxd7 Bxe3
22.Qxe3 Bc8 23.Re7 Qxa4 24.Qd4 Rg8 25.h4 Bg4 26.f3 Rad8 27.Qe5 Bc8 28.Rcc7
Qd1+ 29.Kh2 Qd6 30.Qxd6 Rxd6 31.f4 Re6 32.Rxe6 Bxe6 33.f5 Rc8 34.Rb7 Bg8
35.Rxb4 Rc4 36.Rxc4 Bxc4 37.g4 Bd3 38.e5 g6 39.fxg6 Bxg6 40.Kg3 Kg7 41.Kf4 Kf7
42.h5 Bc2 {#R} 0-1

[Event "It (open)"]
[Site "masterchessopen.com Karvina (Czech Republic)"]
[Round "8"]
[White "Meister Yakov (GER)"]
[Black "Borulya Ekaterina (GER)"]
[Result "1-0"]
[WhiteElo "2445"]
[BlackElo "2308"]

1.d4 d5 2.c4 dxc4 3.Nf3 a6 4.e3 Nf6 5.Bxc4 e6 6.O-O c5 7.Qe2 b5 8.Bb3 Bb7 9.a4
Nbd7 10.axb5 axb5 11.Rxa8 Qxa8 12.Nc3 b4 13.Nb5 Qb8 14.e4 cxd4 15.Nbxd4 Be7
16.e5 Nd5 17.Ba4 Nb6 18.Bc6 O-O 19.Qb5 Bc5 20.Be3 Bxd4 21.Nxd4 Bc8 22.Nf3 Rd8
23.Qa5 Rf8 24.Rc1 Nd5 25.Ba7 {#r} 1-0

[Event "It (open)"]
[Site "masterchessopen.com Oberwart (Austria)"]
[Round "9"]
[White "Danner Georg (AUT)"]
[Black "Fominyh Alexander (RUS)"]
[Result "1-0"]
[WhiteElo "2340"]
[BlackElo "2479"]

1.d4 d5 2.c4 dxc4 3.Nf3 Nf6 4.e3 e6 5.Bxc4 c5 6.O-O a6 7.Qe2 b5 8.Bb3 Bb7
9.Rd1 Nbd7 10.Nc3 Qb6 11.a4 b4 12.a5 Qc7 13.Na4 cxd4 14.exd4 Bd5 15.Bxd5 Nxd5
16.Bg5 Bd6 17.Rdc1 Qb7 18.Nc5 Bxc5 19.dxc5 Rc8 20.Nd4 Nxc5 21.Nf5 Qb8 22.Nxg7+
Kf8 23.Bh6 Ke7 24.Nf5+ Kd7 25.Rd1 Kc6 26.Qf3 Qc7 27.Ne3 Rhd8 28.Rac1 Qe7 29.g3
Rc7 30.Qe2 Rb8 31.Bf4 Rb5 32.Bxc7 Qxc7 33.Nxd5 exd5 34.Qe8+ Kb7 35.Rxd5 Rxa5
36.Rcxc5 Rxc5 37.Rd7 {#r} 1-0

[Event "It (open)"]
[Site "masterchessopen.com Oberwart (Austria)"]
[Round "2"]
[White "Klinger Josef (AUT)"]
[Black "Hinterberger Werner (AUT)"]
[Result "1-0"]
[WhiteElo "1981"]
[BlackElo "2129"]

1.d4 d5 2.c4 dxc4 3.e3 Nf6 4.Bxc4 e6 5.Nf3 c5 6.O-O a6 7.Qe2 b5 8.Bb3 Bb7
9.Nc3 cxd4 10.Nxd4 Be7 11.Rd1 Qb6 12.e4 Nc6 13.Be3 Qc7 14.Rac1 Rc8 15.Nxc6
Bxc6 16.Nd5 exd5 17.exd5 Nxd5 18.Bxd5 Qb7 19.Rxc6 {#r} 1-0

[Event "It (open)"]
[Site "masterchessopen.com Toronto (Canada)"]
[Round "6"]
[White "Schleifer Michael (CAN)"]
[Black "Palacios Bobby (CAN)"]
[Result "1-0"]
[WhiteElo "2339"]
[BlackElo "2195"]

1.d4 d5 2.c4 dxc4 3.Nf3 Nf6 4.e3 e6 5.Bxc4 c5 6.O-O a6 7.Qe2 b5 8.Bb3 Bb7
9.Rd1 Nbd7 10.Nc3 Qb6 11.d5 Nxd5 12.Bxd5 exd5 13.Nxd5 Bxd5 14.Rxd5 Qc6 15.e4
Be7 16.Bg5 f6 17.Bf4 O-O 18.Nh4 Rfe8 19.Qg4 Ne5 20.Bxe5 fxe5 21.Nf5 Bf8 22.Rd6
Qxd6 23.Nxd6 Bxd6 24.Rd1 Rad8 25.h4 a5 26.Qe2 Bf8 27.Rc1 c4 28.a4 bxa4
29.Qxc4+ Kh8 30.Qxa4 Bb4 31.Qb5 h6 32.Rc7 Rd1+ 33.Kh2 Rf8 34.Qb7 Rg8 35.Rc2
Rf8 36.Rc7 Rg8 37.Rf7 Rd2 38.b3 Rd3 39.g4 Bd2 40.Qb5 Rc3 41.Qxe5 Rxb3 42.g5 a4
43.Qd4 Bc3 44.Qxa4 Rb6 45.Qa7 Rg6 46.Qc5 Bd2 47.Rf8 {#r} 1-0

[Event "It (open) (active)"]
[Site "masterchessopen.com Zalakaros (Hungary)"]
[Round "1"]
[White "Burmakin Vladimir (RUS)"]
[Black "Kallai Gabor (HUN)"]
[Result "1-0"]
[WhiteElo "2588"]
[BlackElo "2455"]

1.d4 d5 2.c4 dxc4 3.Nf3 Nf6 4.e3 e6 5.Bxc4 c5 6.O-O a6 7.Qe2 b5 8.Bb3 Bb7
9.Rd1 Nbd7 10.Nc3 Qb6 11.e4 cxd4 12.Nxd4 Bc5 13.Be3 Nxe4 14.Nxe4 Bxe4 15.Nxe6
fxe6 16.Rxd7 Kxd7 17.Rd1+ Ke7 18.Bg5+ Kf7 19.Qxe4 Rae8 20.Qf5+ Kg8 21.Rd7 {#r}
1-0

[Event "It (open)"]
[Site "masterchessopen.com Zaragoza (Spain)"]
[Round "0"]
[White "Aparicio Navarro Pedro (ESP)"]
[Black "Garcia Palermo Carlos (ITA)"]
[Result "0-1"]
[WhiteElo "2181"]
[BlackElo "2488"]

1.d4 d5 2.c4 dxc4 3.Nf3 a6 4.e3 e6 5.Bxc4 c5 6.O-O Nf6 7.Qe2 b5 8.Bb3 Bb7
9.Rd1 Nbd7 10.Bc2 Qc7 11.a3 Rc8 12.dxc5 Bxc5 13.Nc3 O-O 14.Bd2 Nb6 15.Bd3 Bd6
16.h3 Nc4 17.Rac1 Qb8 18.Rc2 Nxd2 19.Nxd2 Qa8 20.e4 Be5 21.Rdc1 Rfd8 22.Nd1
Rxc2 23.Rxc2 Qb8 24.Nc3 Qd6 25.Nf3 Bf4 26.Ne1 Nd7 27.Qf3 Be5 28.Be2 Nf6 29.Bd3
g6 30.Rc1 Kg7 31.Qe2 Rc8 32.Na2 Rxc1 33.Nxc1 Qd4 34.b3 Qb2 35.Qc2 Qxc2 36.Nxc2
Nxe4 37.a4 bxa4 38.bxa4 Nc5 39.a5 Bb2 {#R} 0-1

[Event "Ch World (juniors) (under 16)"]
[Site "masterchessopen.com Bratislava (Slovakia)"]
[Round "7"]
[White "Stojanovic Mihajlo (SRB)"]
[Black "Gyimesi Zoltan (HUN)"]
[Result "0-1"]
[WhiteElo "2581"]
[BlackElo "2395"]

1.d4 d5 2.Nf3 Nf6 3.c4 dxc4 4.e3 e6 5.Bxc4 c5 6.O-O a6 7.Qe2 b5 8.Bb3 Bb7
9.Rd1 Nbd7 10.Nc3 Qb6 11.a4 b4 12.a5 Qc7 13.Na4 cxd4 14.exd4 Bd5 15.Bxd5 Nxd5
16.Bg5 h6 17.Bh4 Bd6 18.Nc5 Bxc5 19.dxc5 O-O 20.Rac1 Nxc5 21.Qc4 Rfc8 22.Bg3
Qb7 23.Qg4 Nf6 24.Qd4 Nb3 25.Rxc8+ Rxc8 26.Qb6 Qd5 27.Rf1 Qxa5 28.Qb7 Re8
29.Bd6 Nc5 30.Qa7 Nce4 31.Be5 Rc8 32.h3 Rc5 33.Bd4 Rd5 34.Ne5 Nd6 35.Nf3 Nb5
36.Qb8+ Rd8 37.Qe5 Rd5 38.Qb8+ Qd8 39.Qxd8+ Rxd8 40.Bc5 Nd5 {#R} 0-1